00793nam a22001817a 4500003000400000005001700004008004100021040001400062100006300076245016400139260000900303300003000312500010500342504002800447942001600475999001500491952010500506OSt20171010095530.0121005t xxu||||| |||| 00| 0 eng d aMMSUcULS aDuldulao, Leo B., Estal, Joel F., Ganal, Benito T. 913144 aEvaluation of the engineering properties of Madongan river aggregates as portland cement concrete pavement c Leo B. Duldulao, Joel F. Estal, Benito T. Ganal  c2008 aix, [69] leaves c28 cm.  aThesis (BS Civil Engineering) -- Mariano Marcos State University-College of Engineering, Batac City  aBibliography: leaf [32] 2ddccTHEDIS c9817d9817 00102lcc4070aREFbREFd2012-10-05l0p3531-Un r2017-10-10w2017-10-10yTHEDISzLibrary Use only